Plan de riego para sesenta hectáreas y ejecución de cuatro módulos de producción, en la estación experimental Enrique Jiménez Núñez (Proyecto Arenal - Tempisque) /
Spremljeno u:
| Autori kompanije: | , , , , |
|---|---|
| Format: | Tekst |
| Jezik: | Spanish |
| Izdano: |
San José:
MAG
|
| Oznake: |
Dodaj oznaku
Bez oznaka, Budi prvi tko označuje ovaj zapis!
|
MARC
| LEADER | 00000 a a2200000 04500 | ||
|---|---|---|---|
| 001 | 15935 | ||
| 003 | cru IIS | ||
| 005 | 20230831143326.0 | ||
| 008 | 230831b |||||||| |||| 00| 0 spa d | ||
| 040 | |a IIS | ||
| 090 | |a 016300 | ||
| 110 | |a Costa Rica. Banco Central de Costa Rica | ||
| 245 | |a Plan de riego para sesenta hectáreas y ejecución de cuatro módulos de producción, en la estación experimental Enrique Jiménez Núñez (Proyecto Arenal - Tempisque) / |c Costa Rica. Banco Central de Costa Rica | ||
| 260 | |a San José: |b MAG | ||
| 300 | |a 32 p | ||
| 710 | |a Costa Rica. Consejo Nacional de Producción | ||
| 710 | |a Costa Rica. Instituto Nacional de Seguros | ||
| 710 | |a Costa Rica. Instituto de Tierras y Colonización | ||
| 710 | |a Costa Rica. Ministerio de Agricultura y Ganadería | ||
| 942 | |2 ddc |c LI | ||
| 999 | |c 14591 |d 14591 | ||
